| 000 | 00802nam a22002897a 4500 | ||
|---|---|---|---|
| 003 | CHAP | ||
| 005 | 20220329133857.0 | ||
| 008 | 971013s1977 r 00010 d | ||
| 010 | _a12127 | ||
| 011 | _a13099 | ||
| 035 | _a17170 | ||
| 040 | _cCHAP | ||
| 082 |
_a634.7 _bG4 |
||
| 100 | 0 | 0 |
_aGenders, Roy. _947435 |
| 245 | _aGrowing soft fruit | ||
| 260 |
_aLondon : _bPelham, _c1977 |
||
| 300 |
_a128 p. _b: ilus. |
||
| 490 | _aPelham. Garden farming series | ||
| 590 |
_aBATCH-UPD _b10 _c20130110 _lUCH01 _h1113 |
||
| 590 |
_aCONVERSION _b10 _c20130109 _lUCH01 _h1308 |
||
| 650 | 1 | 4 |
_aFruticultura. _943684 |
| 650 | 1 | 4 |
_aRubus. _9100512 |
| 830 | 0 |
_aPelham. Garden farming series _986619 |
|
| 901 | _aBK | ||
| 942 | _cLIBRO | ||
| 949 |
_a634.7 G4 _bBC _cLIBRO _d33724000206173 _eLIBRO _h54503 _i17170 _si |
||
| 999 |
_c12127 _d12127 |
||